000 00700nam a2200217 i 4500
001 28592
003 ES-MaACL
005 20250903084336.0
007 t|
008 160419s1908 fr ||||1| fre d
110 2 _aAugustin Challamel, éditeur.
_9159376
245 1 0 _aCatalogue des ouvrages sur la marine.
260 _aParís :
_bAugustin Challamel,
_c1908.
300 _a71 p. ;
_c22 cm.
594 _aPrecede al tít.: Librairir Maritime y Coloniale.
650 4 _aCatálogos de editores-
_zFrancia
_912068
650 7 _aCatálogos de editores-
_yS.XX
_2
_9169795
650 4 _aCiencias del mar-
_vBibliografías.
_9159377
852 _aES-MaACL
_j1513-F-2
999 _c28592
_d28592